Historia de la literatura chilena
Enregistré dans:
| Auteur principal: | |
|---|---|
| Format: | Livre |
| Langue: | espagnol |
| Publié: |
Santiago
Salesiana
1994
|
| Sujets: | |
| Tags: |
Ajouter un tag
Pas de tags, Soyez le premier à ajouter un tag!
|
MARC
| LEADER | 00000nam a2200000 a 4500 | ||
|---|---|---|---|
| 001 | UCX9969 | ||
| 003 | CL-VaPUC | ||
| 008 | 940705e19940000CL |||||||||||||||||spa|d | ||
| 082 | 0 | 4 | |a Ch860.9 |b FER |2 21 |
| 100 | 0 | |a Fernández Fraile, Maximino |e author |9 327509 | |
| 245 | 1 | 0 | |a Historia de la literatura chilena |
| 300 | |a 2 v | ||
| 942 | |c BK | ||
| 945 | |d 19940705 00:00:00 |a oaravena | ||
| 260 | |a Santiago |b Salesiana |c 1994 | ||
| 650 | 0 | |a Literatura chilena |9 308278 | |
| 650 | 0 | |a Historia y crítica |9 257407 | |
| 583 | |a last modification |c 19940705 00:00:00 |k Rodrigo Vera | ||
| 999 | |c 229075 |d 229073 | ||
| 952 | |0 0 |1 0 |4 0 |6 CH_860_900000000000000_FER_1994 |7 0 |8 A |9 229637 |a BIBEDU |b BIBEDU |d 2019-11-15 |h v.1 |i 2990598 |l 3 |o Ch860.9 FER 1994 |p 2990598 |r 2021-07-01 |s 2021-06-07 |w 2019-11-15 |y BK |k LIT | ||
| 952 | |0 0 |1 0 |4 0 |6 CH_860_900000000000000_FER_1994 |7 0 |8 A |9 229638 |a BIBEDU |b BIBEDU |d 2019-11-15 |h v.2 |i 2990601 |l 7 |m 3 |o Ch860.9 FER 1994 |p 2990601 |r 2023-05-23 |s 2023-05-09 |w 2019-11-15 |y BK |k LIT | ||